Características de la calidad físico química y microbiológica del agua en el Río Burío y Quebrada Seca hasta la confluencia de ambos

Gespeichert in:
Bibliographische Detailangaben
1. Verfasser: Arguedas Hernández, Yeiner Andrés
Format: Buch
Sprache:Spanish
Veröffentlicht: [San José], Costa Rica 2015
Schlagworte:
Tags: Tag hinzufügen
Keine Tags, Fügen Sie den ersten Tag hinzu!

MARC

LEADER 00000nam a22000007a 4500
003 012340
005 20221231144042.0
008 160307b2015 cr a|||| |||| 00| ||spa d
040 |c cru CEDI  
090 |a TFG 7504 
100 |9 3390  |a Arguedas Hernández, Yeiner Andrés 
245 |a Características de la calidad físico química y microbiológica del agua en el Río Burío y Quebrada Seca hasta la confluencia de ambos  
260 |a  [San José], Costa Rica  |c 2015 
500 |a Proyecto de graduación (licenciatura en ingeniería civil)--Universidad de Costa Rica. Facultad de Ingeniería. Escuela de Ingeniería Civil 
650 |x CALIDAD DEL AGUA  |x ANALISIS DEL AGUA  |x RIO BURIO (COSTA RICA)  |x RIO QUEBRADA SECA (COSTA RICA)  |x RECURSOS HIDRICOS  |x CUENCAS HIDROGRAFICAS   |9 3391 
942 |c TFG 
999 |c 16187  |d 16187